|
|
|
|
| LEADER |
00000nam a2200000Ii 4500 |
| 001 |
DIGSIRLA0713 |
| 003 |
NyNyDIG |
| 006 |
m o d |
| 007 |
cr ||||||||||| |
| 008 |
211230s2020 sp ob 000 0 spa d |
| 035 |
|
|
|a (OCoLC)1319855881
|
| 040 |
|
|
|a DGITA
|b eng
|e rda
|e pn
|c DGITA
|
| 020 |
|
|
|a 9788418436345
|q eBook
|q ePub
|
| 020 |
|
|
|z 9788418245961
|
| 041 |
1 |
|
|a spa
|h dut
|
| 043 |
|
|
|a e-it---
|
| 050 |
1 |
4 |
|a PT5881.24.O55 ebook
|
| 082 |
0 |
4 |
|a 945.3093
|
| 100 |
1 |
|
|a Nooteboom, Cees,
|d 1933-
|e author.
|
| 240 |
1 |
0 |
|a Venetië.
|l Spanish
|s (Lorda Vidal)
|
| 245 |
1 |
0 |
|a Venecia :
|b el león, la ciudad y el agua /
|c Cees Nooteboom ; fotografías de Simone Sassen ; traducción del neerlandés de Isabel-Clara Lorda Vidal.
|
| 250 |
|
|
|a Edición en formato digital.
|
| 264 |
|
1 |
|a Madrid :
|b Siruela,
|c [2020]
|
| 300 |
|
|
|a 1 online resource.
|
| 336 |
|
|
|a text
|b txt
|2 rdacontent
|
| 337 |
|
|
|a computer
|b c
|2 rdamedia
|
| 338 |
|
|
|a online resource
|b cr
|2 rdacarrier
|
| 347 |
|
|
|a text file
|2 rdaft
|
| 347 |
|
|
|b EPUB
|
| 490 |
1 |
|
|a El Ojo del tiempo
|
| 504 |
|
|
|a Includes bibliographical references.
|
| 588 |
0 |
|
|a Online resource; title from ePUB title page (Digitalia, viewed December 30, 2021)
|
| 650 |
|
0 |
|a Nooteboom, Cees,
|d 1933-
|x Travel
|z Italy
|z Venice.
|
| 651 |
|
0 |
|a Venice (Italy)
|x Description and travel.
|
| 655 |
|
0 |
|a Electronic books.
|
| 700 |
1 |
|
|a Sassen, Simone,
|d 1952-
|e photographer.
|
| 700 |
1 |
|
|a Lorda Vidal, Isabel-Clara,
|e translator.
|
| 700 |
1 |
|
|i Translation of:
|a Nooteboom, Cees,
|d 1933-
|t Venetië.
|
| 791 |
2 |
|
|a Digitalia (Firm),
|e distributor.
|
| 793 |
0 |
|
|g Digitalia eBook Collection:
|a Siruela
|
| 776 |
0 |
8 |
|i Print version:
|a Nooteboom, Cees, 1933-
|s Venetië. Spanish (Lorda Vidal).
|t Venecia.
|d Madrid : Siruela, [2020]
|z 9788418245961
|
| 830 |
|
0 |
|a Ojo del tiempo.
|
| 856 |
4 |
0 |
|u https://digitalia.uam.elogim.com/a/68522/
|z Texto completo
|
| 910 |
|
|
|a Premium collection: 2022
|